[Event "IRI-ch U14"]
[Site "Chess.com INT"]
[Date "2021.01.16"]
[Round "4"]
[White "Nazari, Mohamad"]
[Black "Naeimi Omran, Ashkan"]
[Result "1/2-1/2"]
[WhiteElo "1552"]
[BlackElo "1061"]
[PlyCount "122"]
[EventDate "2021.01.16"]
[EventType "swiss"]
[EventRounds "11"]
[EventCountry "IRI"]
[SourceTitle "EXT 2022"]
[Source "ChessBase"]
[SourceDate "2021.10.06"]
[SourceVersion "1"]
[SourceVersionDate "2021.10.06"]
[SourceQuality "1"]

1. e4 e5 2. Nf3 Nc6 3. Bb5 a6 4. Ba4 b5 5. Bb3 d6 6. h3 Nge7 7. 0-0 Bd7 8. Ng5 d5 9. exd5 Nd4 10. Nf3 Nxb3 11. axb3 Nxd5 12. Nxe5 Bd6 13. Nxf7 Kxf7 14. Qh5+ g6 15. Qxd5+ Be6 16. Qf3+ Kg7 17. d3 Rf8 18. Qe3 Qf6 19. Bd2 b4 20. c3 Bf4 21. Qxf4 Qxf4 22. Bxf4 Rxf4 23. Nd2 c5 24. Ra5 bxc3 25. bxc3 Rf5 26. Re1 Kf7 27. b4 cxb4 28. cxb4 Rxa5 29. bxa5 Rd8 30. Re3 Bf5 31. Nc4 Kf6 32. Nb2 Rd5 33. g4 Be6 34. Nc4 h5 35. f3 Rc5 36. Kf2 Bxc4 37. dxc4 Rxa5 38. Rc3 Ra2+ 39. Ke3 Ke6 40. f4 hxg4 41. hxg4 a5 42. Kd3 Rg2 43. g5 a4 44. Rc2 Rg3+ 45. Ke4 a3 46. Ra2 Kd6 47. Kd4 Kc6 48. Rc2 Rg4 49. Ke5 Rg3 50. Kf6 Rf3 51. Kxg6 Rxf4 52. Ra2 Rf3 53. Kh5 Kc5 54. g6 Kxc4 55. g7 Rg3 56. Kh6 Kb3 57. Re2 a2 58. Re1 Rxg7 59. Kxg7 Kb2 60. Re2+ Kb1 61. Rxa2 Kxa2 1/2-1/2